[Event "Alexandria op 22nd"]
[Site "Alexandria"]
[Date "2017.08.03"]
[Round "2"]
[White "Hussain, Abdel Naser"]
[Black "Zakaria, Esam"]
[Result "0-1"]
[WhiteElo "2049"]
[BlackElo "2231"]
[PlyCount "64"]
[EventDate "2017.08.02"]
[EventType "swiss"]
[EventRounds "10"]
[EventCountry "EGY"]
[SourceTitle "CBM 180 Extra"]
[Source "ChessBase"]
[SourceDate "2017.10.06"]
[SourceVersion "1"]
[SourceVersionDate "2017.10.06"]
[SourceQuality "1"]

1. d4 d6 2. e4 Nf6 3. Bc4 Nxe4 4. Bxf7+ Kxf7 5. Qh5+ g6 6. Qd5+ Kg7 7. Qxe4 Nc6 8. d5 Bf5 9. Qe3 Ne5 10. h3 h5 11. f4 Nd7 12. Nf3 c6 13. Nd4 cxd5 14. Nc3 Nf6 15. Bd2 Qd7 16. 0-0-0 Kf7 17. g4 hxg4 18. hxg4 Rxh1 19. Rxh1 Bxg4 20. Rg1 Bg7 21. Nf3 Bxf3 22. Qxf3 Qe6 23. Rg5 Bh6 24. f5 gxf5 25. Rg1 Bxd2+ 26. Kxd2 d4 27. Nb5 Qe4 28. Qf2 Qe5 29. Qf1 Rc8 30. Nxa7 Rc5 31. Qg2 Qf4+ 32. Kd1 Ng4 0-1

[Event "Cairo Egyptian op"]
[Site "Cairo"]
[Date "2016.04.24"]
[Round "4"]
[White "Hussain, Abdel Naser"]
[Black "Fekri, Wael"]
[Result "1-0"]
[WhiteElo "1884"]
[BlackElo "2057"]
[PlyCount "57"]
[EventDate "2016.04.22"]
[EventType "swiss"]
[EventRounds "9"]
[EventCountry "EGY"]
[SourceTitle "CBM 172 Extra"]
[Source "ChessBase"]
[SourceDate "2016.06.21"]
[SourceVersion "1"]
[SourceVersionDate "2016.06.21"]
[SourceQuality "1"]

1. d4 d5 2. Nf3 b5 3. a4 b4 4. Bf4 f6 5. e3 Be6 6. Nbd2 g5 7. Bg3 h5 8. h4 g4 9. Ng1 Nd7 10. a5 Nh6 11. Bb5 Rb8 12. Ba4 Nf5 13. Ne2 Bh6 14. Nb3 0-0 15. Bf4 Bxf4 16. Nxf4 Bf7 17. Qd3 e6 18. Nxd5 Nxh4 19. Rxh4 exd5 20. Qf5 Ne5 21. dxe5 fxe5 22. Rxh5 Bxh5 23. Qxh5 Qd6 24. 0-0-0 Rf7 25. Rh1 Qf6 26. Nc5 Rd8 27. Ne6 Rd6 28. Qxg4+ Rg7 29. Nxg7 1-0